Open Data Biblioteca Nacional de Portugal


República Portuguesa: Ministério da Cultura
Biblioteca Nacional de Portugal

Catálogo da BNP: acesso por Identificadores Unívocos
Registos Bibliográficos associados ao registo de autoridade

Etiqueta de registo: 00492cam 02200181 04500
001 570063
003 http://id.bnportugal.gov.pt/bib/catbnp/570063
005 19990104000000.0
095 ## $aPTBN00778985
100 ## $a19951026d17 km y0pory0103 ba
101 0# $afre
102 ## $aFR
200 1# $aLettre a Son Altesse Royale Monseigneur le Duc d'Orleans, Regent du Royaume
210 #9 $aA Paris$cchez Louis Coignard,$d[17--]
215 ## $a8 p.
620 ## $dParis
702 #1 $aCoignard,$bLouis,$ffl. 1700-1738$4610$3194590
801 #0 $aPT$bBN$gRPC
966 ## $lBN$mFGMON$sH.G. 12580//29 V.
997 ## $aBIBEOD

Etiqueta de registo: 00254nam 2200025 450
001 2286532
003 http://id.bnportugal.gov.pt/bib/catbnp/2286532
100 ## $a20260519d1703 m y0pory01030103ba
101 0# $afre
102 ## $aFR
105 ## $ay z 000yy
106 ## $ar
200 1# $aMoiens de reunir les protestans avec l'Eglise romaine$fpubliez par M. Camus, Euesque de Belley, sous le titre de L'Avoisinement des protestans vers l'Eglise romaine
205 ## $aNouvelle edition, corrigée & augmentée de Remarques, pour servir de supplément$fpar Mr Richard Simon, Prêtre
210 #9 $aA Paris$cchez Loüis Coignard et Guillaume Vandiue...,$d1703
215 ## $a[4], XXXV, [5], 310, [28] p.$d12º (17 cm)
307 ## $aAssin.: ã//12, e//8, i//2, A-O//12, P//2
312 ## $aTít. no anterrosto: L'Avoisinement des protestans vers l'Eglise romaine
317 ## $aPert. no final do índice: "Livraria de D. Franc. Manuel" (carimbo)$5PTBN: R. 1864 P.
321 ## $aBnF FRBNF31370802
327 11 $aNo cad. P//2: "Catalogue des Livres imprimez, & autres qui se vendent chez Louis Coignard, & Guillaume Vandiue..."
513 1# $a L' Avoisinement des protestans vers l'Eglise romaine
620 ## $dParis
700 #1 $aCamus,$bJean-Pierre,$f1584-1652$31998743
702 #1 $aSimon,$bRichard,$f1638-1712$4340$3105802
702 #1 $aCoignard,$bLouis,$ffl. 1700-1738$4610$3194590
702 #1 $aVandive,$bGuillaume,$ffl. 1701-1706?$4610$31998744
702 #1 $aManuel,$bFrancisco de Melo,$f1773-1851$4390$339483
801 #0 $aPT$bBN$gRPC
856 40 $2Cópia digital disponível em BnF/Gallica$uhttps://gallica.bnf.fr/ark:/12148/bpt6k73044r
966 ## $lBN$mFGMON$sR. 1864 P.
971 ## $cpmesqui$d20260519
997 ## $aBIBEOD

OpendataBNP@bnportugal.pt | Mais informação sobre acesso aos dados BNP